[Event "Marianske Lazne op 14th"]
[Site "Marianske Lazne"]
[Date "2015.01.18"]
[Round "2"]
[White "Mc Aleenan, Charles"]
[Black "Schoebel, Thomas"]
[Result "1-0"]
[WhiteElo "1795"]
[BlackElo "1462"]
[PlyCount "55"]
[EventDate "2015.01.17"]
[EventType "swiss"]
[EventRounds "9"]
[EventCountry "CZE"]
[SourceTitle "CBM 164 Extra"]
[Source "ChessBase"]
[SourceDate "2015.03.02"]
[SourceVersion "1"]
[SourceVersionDate "2015.03.02"]
[SourceQuality "1"]

1. d4 d5 2. Bf4 Bf5 3. c4 dxc4 4. Qa4+ Nc6 5. e3 Bd3 6. Bxd3 cxd3 7. Nf3 f6 8. 0-0 g5 9. Bg3 Qd7 10. Nc3 a6 11. Rfd1 h5 12. b4 h4 13. d5 hxg3 14. dxc6 gxh2+ 15. Nxh2 bxc6 16. Ne4 e6 17. Ng4 Kf7 18. Nxg5+ fxg5 19. Ne5+ Ke8 20. Nxd7 Bd6 21. Qxc6 Bh2+ 22. Kf1 Be5 23. Nxe5+ Kf8 24. Qxa8+ Kg7 25. Nxd3 Nf6 26. Qc6 Kg6 27. Qxe6 Re8 28. Ne5+ 1-0